Africa's economic problems

Enregistré dans:
Détails bibliographiques
Auteur principal: Alexandrovskaya, L.
Format: Livre
Langue:Undetermined
Publié: Moscow Progress Publishers 1965
Sujets:
Tags: Ajouter un tag
Pas de tags, Soyez le premier à ajouter un tag!
Thư viện lưu trữ: Trung tâm Học liệu Trường Đại học Cần Thơ
LEADER 00515nam a2200193Ia 4500
001 CTU_96394
008 210402s9999 xx 000 0 und d
082 |a 330.96 
082 |b A383 
100 |a Alexandrovskaya, L. 
245 0 |a Africa's economic problems 
245 0 |c L. Alexandrovskaya, V. Rybakov 
260 |a Moscow 
260 |b Progress Publishers 
260 |c 1965 
650 |a Economic conditions 
650 |z Africa 
904 |i Giang 
980 |a Trung tâm Học liệu Trường Đại học Cần Thơ